Wage Moderation in France /

Using household level data for France from 1990 to 2000, we estimate a relationship between wages and unemployment taking into account compositional, time and regional effects. We show that this relationship shifted outward during the 1990s most likely because of a structural change in workers'...

Cur síos iomlán

Sonraí bibleagrafaíochta
Príomhchruthaitheoir: Estevao, Marcello
Rannpháirtithe: Nargis, Nigar
Formáid: IRIS
Teanga:English
Foilsithe / Cruthaithe: Washington, D.C. : International Monetary Fund, 2002.
Sraith:IMF Working Papers; Working Paper ; No. 2002/151
Rochtain ar líne:Full text available on IMF
LEADER 01546cas a2200253 a 4500
001 AALejournalIMF008307
008 230101c9999 xx r poo 0 0eng d
020 |c 5.00 USD 
020 |z 9781451857047 
022 |a 1018-5941 
040 |a BD-DhAAL  |c BD-DhAAL 
100 1 |a Estevao, Marcello. 
245 1 0 |a Wage Moderation in France /  |c Marcello Estevao, Nigar Nargis. 
264 1 |a Washington, D.C. :  |b International Monetary Fund,  |c 2002. 
300 |a 1 online resource (31 pages) 
490 1 |a IMF Working Papers 
500 |a <strong>Off-Campus Access:</strong> No User ID or Password Required 
500 |a <strong>On-Campus Access:</strong> No User ID or Password Required 
506 |a Electronic access restricted to authorized BRAC University faculty, staff and students 
520 3 |a Using household level data for France from 1990 to 2000, we estimate a relationship between wages and unemployment taking into account compositional, time and regional effects. We show that this relationship shifted outward during the 1990s most likely because of a structural change in workers' behavior, id est "wage moderation". The outward shift was particularly large between 1996 and 2000 and undoubtedly contributed strongly to the exceptional employment performance during that period. 
538 |a Mode of access: Internet 
700 1 |a Nargis, Nigar. 
830 0 |a IMF Working Papers; Working Paper ;  |v No. 2002/151 
856 4 0 |z Full text available on IMF  |u http://elibrary.imf.org/view/journals/001/2002/151/001.2002.issue-151-en.xml  |z IMF e-Library